X-ray diffraction from disordered and ordered systems : covering X-ray diffraction by gases, liquids, and solids and indicating how the theory of diffraction by these different states of matter is related and how it can be used to solve structural problems /

Bibliographic Details
Main Author: Hukins, David W. L.
Format: Book
Language:English
Published: Oxford [Oxfordshire] ; New York : Pergamon Press, 1981.
Edition:1st ed.
Subjects:

MARC

Tag First Indicator Second Indicator Subfields
LEADER 00000cam a22000008a 4500
001 in00000083193
005 20151008055621.0
008 810928s1981 enka b 00110 eng
010 |a  81015725  
020 |a 0080239765 :  |c $11.95 ($28.75 U.S. : est.) 
035 |a (OCoLC)07875277 
035 |9 AAJ3930AM 
039 0 |a 2  |b 3  |c 3  |d 3  |e 3 
040 |a DLC  |c DLC  |d TXA  |d UtOrBLW 
049 |a TXAM  |c [1804486] 
050 0 0 |a QC482.D5  |b H84 1981 
082 0 |a 539.7/222  |2 19 
100 1 |a Hukins, David W. L. 
245 1 0 |a X-ray diffraction from disordered and ordered systems :  |b covering X-ray diffraction by gases, liquids, and solids and indicating how the theory of diffraction by these different states of matter is related and how it can be used to solve structural problems /  |c by David W.L. Hukins. 
250 |a 1st ed. 
263 |a 8201 
264 1 |a Oxford [Oxfordshire] ;  |a New York :  |b Pergamon Press,  |c 1981. 
300 |a ix, 164 pages :  |b illustrations ;  |c 24 cm. 
336 |a text  |b txt  |2 rdacontent 
337 |a unmediated  |b n  |2 rdamedia 
338 |a volume  |b nc  |2 rdacarrier 
500 |a Includes index. 
504 |a Bibliography: pages 152-156. 
650 0 |a X-rays  |x Diffraction. 
650 0 |a Crystal optics. 
650 0 |a Order-disorder models. 
999 |a MARS 
999 f f |s aefdcd8e-0ed7-3fea-977f-a384a44adcc1  |i 81666d0f-5275-334f-a884-f787ce762b94  |t 0 
952 f f |p normal  |a Texas A&M University  |b College Station  |c Sterling C. Evans Library  |d Evans: Library Stacks  |t 0  |e QC482.D5 H84 1981  |h Library of Congress classification  |i unmediated -- volume  |m A14806208750 
998 f f |a QC482.D5 H84 1981  |t 0  |l Evans: Library Stacks